000 00589cam a22002053a 4500
001 45416
003 PGUSA
005 20140828084041.0
008 140420s2014||||xxu|||||s|||||000 | eng d
040 _aPGUSA
_beng
042 _adc
100 1 _aFrancillon, R. E.
245 1 0 _aGods and Heroes ;
_bor, The Kingdom of Jupiter
_h[electronic resource] /
_cR. E. Francillon
260 _bProject Gutenberg,
_c2014
506 _aPublic domain in the USA.
516 _aElectronic text
830 0 _aProject Gutenberg
_v45416
856 4 0 _uhttp://www.gutenberg.org/ebooks/45416
942 _cEB
999 _c274667
_d274667